Prínosy Transatlantického partnerstva v oblasti obchodu a investícií medzi EÚ a USA pre slovenské firmy diplomová práca

Saved in:
Bibliographic Details
Main Author: Vöröš, Denis
Corporate Author: Obchodná fakulta EU. Katedra medzinárodného obchodu
Other Authors: Kašťáková, Elena, 1974-
Format: Book
Language:Slovak
Published: Bratislava 2016
Tags: Add Tag
No Tags, Be the first to tag this record!

MARC

LEADER 00000nbm a2200000 4500
001 0216554
005 20161123152040.2
041 0 |a slo 
044 |a SK 
245 1 0 |a Prínosy Transatlantického partnerstva v oblasti obchodu a investícií medzi EÚ a USA pre slovenské firmy  |b diplomová práca  |c Denis Vöröš ; školiteľ: Elena Kašťáková 
264 1 |a Bratislava  |c 2016 
300 |a 91 s. 
100 1 |a Vöröš, Denis 
700 1 |a Kašťáková, Elena, 1974- 
710 2 |a Obchodná fakulta EU. Katedra medzinárodného obchodu